LEADER 01133nam a2200241 i 4500 001 991001436419707536 008 060202s1982 it 000 0 ita d 035 $ab13372245-39ule_inst 040 $aSet. Economia$bita 082 0 $a331.89 110 2 $aISFOL$0423065 245 10$aOrganizzazione del lavoro, mobilità e aspetti formativi nella contrattazione :$bspoglio di contratti collettivi nazionali e di accordi integrativi aziendali : 1978-1981 /$cISFOL ; in collaborazione con la Fondazione Giacomo Brodolini ; introduzione di Antonella Attanasio 260 $aMilano :$bAngeli,$cc1982 300 $a172 p. ;$c22 cm 440 0$aStrumenti e ricerche / ISFOL ;$v3 650 4$aContratti collettivi$zItalia$y1978-1981 700 1 $aAttanasio, Antonella 907 $a.b13372245$b02-04-14$c23-01-06 912 $a991001436419707536 945 $aLE025 ECO 331 ISF01.03$g1$i2025000131422$lle025$o-$pE4.65$q-$rl$s- $t0$u2$v0$w2$x0$y.i14190242$z07-02-06 996 $aOrganizzazione del lavoro, mobilità e aspetti formativi nella contrattazione$9617494 997 $aUNISALENTO 998 $ale025$b22-01-06$cm$da $e-$fita$git $h0$i0